| 000 | 01039 a2200217 4500 | ||
|---|---|---|---|
| 001 | 58783 | ||
| 005 | 20260407155842.0 | ||
| 008 | 260407a1959 arg spa d | ||
| 003 | AR-UNSa-BCEJYS | ||
| 040 |
_aAR-UNSa-BCEJYS _bspa _cAR-UNSa-BCEJYS |
||
| 080 |
_a336.226 _xTipos de impuestos. Impuestos directos e indirectos |
||
| 245 | 1 | 0 | _aEl impuesto a las ventas |
| 250 | _a5a. ed. | ||
| 264 | 1 |
_aBuenos Aires : _bEdiciones Contabilidad Moderna _c1959 |
|
| 300 |
_a564 p. _c23 cm. |
||
| 505 | _a1. Teoría general del impuesto - 2. Legislación comparada - 3. Antecedentes Nacionales - 4. Legislación Nacional vigente - 5. Obejeto del impuesto - 6. Sujeto del impuesto - 7. Exenciones - 8. Exenciones (Exenciones a venta en general y casos especiales) - 9. Determinación del líquido imponible (Disposiciones comunes) - 10. Determinación del líquido imponible (Disposiciones especiales) - 11. Cuestiones varias. | ||
| 041 | _aspa | ||
| 942 | _cBK | ||
| 590 | _aniveau_biblio:m niveau_hierar:0 | ||
| 100 | 1 | _aReig, Enrique Jorge | |
| 999 |
_c6490 _d6490 |
||